| 000 | 00654cab a2200217 4500 | ||
|---|---|---|---|
| 001 | ABS38935 | ||
| 008 | 090401t1988 xxu||||| |||| 00| 0 eng d | ||
| 035 | _a(Sirsi) u13418 | ||
| 041 | _aeng | ||
| 100 | _aYoung, E. | ||
| 245 | _aChallenging conditions` validity at planning appeals | ||
| 260 | _c1988 | ||
| 350 | _a0 | ||
| 490 |
_aSLT _v(1988) 89-92(4) |
||
| 520 | _aDiscusses a number of Scottish planning appeals where the validity of a condition attached to a grant of planning permission was challenged. | ||
| 650 | _aPLANNING CONDITIONS | ||
| 650 | _aSCOTLAND | ||
| 690 | _aPLANNING LAW AND PRACTICE | ||
| 942 | _n0 | ||
| 948 | _c04/03/1997 | ||
| 999 |
_c8652 _d8652 |
||